| 000 | 00439nam a2200181Ia 4500 | ||
|---|---|---|---|
| 001 | 14289 | ||
| 005 | 20260306164903.0 | ||
| 008 | 260306t2012||||xx |||||||||||||| ||spa|| | ||
| 041 | _aESP | ||
| 082 |
_a511.3 _bE366 |
||
| 100 |
_aEpp, Susanna S. _eAUT |
||
| 245 | 0 | _aMatemáticas discretas con aplicaciones | |
| 260 | _c2012 | ||
| 300 |
_axxii, 820 páginas : _c27 cm. |
||
| 650 | _aGEN | ||
| 654 | _aCMA | ||
| 942 |
_cLIB _dJUS _fJUS _2ddc _n |
||
| 999 |
_c14289 _d14289 |
||